000 00405nam a22001577a 4500
005 20260303151525.0
008 260303b |||||||| |||| 00| 0 eng d
020 _a978 9914 44 768 2
050 _aQD 35.O94 2025
100 _aORADO GRACE
245 _aOXFORD CHEMISTRY TODAY
260 _aNAIROBI,KENYA
_bOXFORD UNIVERSITY PRESS
_c2025
300 _a172PG.
650 _aCHEMISTRY
942 _2lcc
_cBK
999 _c216774
_d216774